00346nam a2200169Ia 4500003000900000008004100009040001300050040001300063041000800076100002100084245002000105260001400125260000900139300001200148300001000160490000600170IT-RoPAU120407s9999 xx 000 0 und d aIT-RoPAU cIT-RoPAU aita aLuigi Pirandello aTutti i romanzi aMondadori c1944 a1343 p. c20 cm v1